[Event "Ramat Gan Spring op"]
[Site "Ramat Gan"]
[Date "2023.05.22"]
[Round "3"]
[White "Berlad, Asaf"]
[Black "Goz, Shachar"]
[Result "1-0"]
[WhiteElo "1753"]
[BlackElo "1763"]
[PlyCount "67"]
[EventDate "2023.05.01"]
[EventType "swiss"]
[EventRounds "7"]
[EventCountry "ISR"]
[SourceTitle "CBM 215 Extra"]
[Source "ChessBase"]
[SourceDate "2023.09.30"]
[SourceVersion "1"]
[SourceVersionDate "2023.09.30"]
[SourceQuality "1"]

1. e4 c5 2. Nf3 e6 3. d3 Nc6 4. g3 d5 5. Qe2 dxe4 6. dxe4 e5 7. Bg2 Bg4 8. c3 Bd6 9. 0-0 f6 10. Na3 a6 11. Nc4 b5 12. Ne3 Be6 13. Nh4 Nge7 14. Nhf5 Bxf5 15. Nxf5 Nxf5 16. exf5 Qc7 17. a4 b4 18. cxb4 cxb4 19. Qc4 Rc8 20. Be3 Ne7 21. Qxa6 0-0 22. g4 e4 23. Kh1 Ra8 24. Qe2 Nd5 25. Rfc1 Qe7 26. Bd4 Rae8 27. Qc4 Qf7 28. Re1 Rc8 29. Qb3 Nf4 30. Qxf7+ Rxf7 31. Bxe4 b3 32. a5 Rfc7 33. a6 Bb4 34. Red1 1-0

[Event "Ramat Gan Spring op"]
[Site "Ramat Gan"]
[Date "2023.05.01"]
[Round "1"]
[White "Levi, Netanel"]
[Black "Goz, Shachar"]
[Result "1-0"]
[WhiteElo "2133"]
[BlackElo "1763"]
[PlyCount "73"]
[EventDate "2023.05.01"]
[EventType "swiss"]
[EventRounds "7"]
[EventCountry "ISR"]
[SourceTitle "CBM 215 Extra"]
[Source "ChessBase"]
[SourceDate "2023.09.30"]
[SourceVersion "1"]
[SourceVersionDate "2023.09.30"]
[SourceQuality "1"]

1. Nf3 d5 2. g3 Nf6 3. Bg2 Nc6 4. d3 e5 5. 0-0 h6 6. c3 Bg4 7. b4 a6 8. Nbd2 e4 9. Ne1 Be7 10. dxe4 dxe4 11. Nc2 Bf5 12. Ne3 Bh7 13. Qb3 0-0 14. Rd1 Qc8 15. Bb2 a5 16. a3 a4 17. Qa2 Rd8 18. Ndf1 Rd6 19. Rxd6 Bxd6 20. c4 Be5 21. Rd1 Qe6 22. Nd5 Bxb2 23. Nxc7 Qe5 24. Nxa8 Bg6 25. e3 Bh5 26. Rb1 Bc3 27. Nb6 Bf3 28. Nxa4 Bxg2 29. Kxg2 Qf5 30. Nxc3 Qf3+ 31. Kg1 Nh7 32. Qe2 Ng5 33. Qxf3 exf3 34. Nd2 Ne5 35. Nce4 Nh3+ 36. Kf1 Ng4 37. Nxf3 1-0

[Event "Rishon Le Ziyyon-ch U18"]
[Site "Rishon Le Ziyyon"]
[Date "2023.04.03"]
[Round "8"]
[White "Goz, Shachar"]
[Black "Gilor, Amit"]
[Result "1/2-1/2"]
[WhiteElo "1723"]
[BlackElo "1678"]
[PlyCount "103"]
[EventDate "2023.03.28"]
[EventType "swiss"]
[EventRounds "9"]
[EventCountry "ISR"]
[SourceTitle "CBM 213 Extra"]
[Source "ChessBase"]
[SourceDate "2023.05.31"]
[SourceVersion "1"]
[SourceVersionDate "2023.05.31"]
[SourceQuality "1"]

1. e4 g6 2. d4 Bg7 3. Nc3 d6 4. Be3 Nf6 5. f3 0-0 6. Qd2 e5 7. 0-0-0 exd4 8. Bxd4 Nc6 9. Be3 b5 10. Bxb5 Ne5 11. Bd4 Bd7 12. Bxe5 Bxb5 13. Bf4 Rb8 14. Bh6 c6 15. Bxg7 Kxg7 16. Nxb5 Rxb5 17. Qxd6 Qb6 18. b3 Ra5 19. a4 Rb8 20. Rd3 Rb7 21. Qf4 Qb4 22. Qd2 Qb6 23. Kd1 Re5 24. Ne2 Rbe7 25. Ng3 h5 26. Nf1 Rxe4 27. fxe4 Nxe4 28. Qf4 Nf2+ 29. Kd2 Qa5+ 30. b4 Ne4+ 31. Kd1 Qxb4 32. g3 Qb1+ 33. Qc1 Nf2+ 34. Kd2 Qxc1+ 35. Kxc1 Nxh1 36. Rf3 Re2 37. Kd1 Rf2 38. Rxf2 Nxf2+ 39. Ke2 Ne4 40. Kd3 Nc5+ 41. Kc4 Nxa4 42. Kb4 Nb6 43. Kc5 Nd5 44. c4 Ne7 45. Kb4 Kf6 46. Nd2 Nc8 47. Kc5 Ne7 48. Kd6 a5 49. Ne4+ Kf5 50. Nc3 Kf6 51. Ne4+ Kf5 52. Nc3 1/2-1/2

[Event "Ramat Gan Purim Rapid op"]
[Site "Ramat Gan"]
[Date "2023.03.06"]
[Round "2"]
[White "Goz, Shachar"]
[Black "Bilenkiy, Maksym"]
[Result "0-1"]
[WhiteElo "1723"]
[BlackElo "1891"]
[PlyCount "42"]
[EventDate "2023.03.06"]
[EventType "swiss (rapid)"]
[EventRounds "5"]
[EventCountry "ISR"]
[SourceTitle "CBM 213 Extra"]
[Source "ChessBase"]
[SourceDate "2023.05.31"]
[SourceVersion "1"]
[SourceVersionDate "2023.05.31"]
[SourceQuality "1"]

1. e4 c6 2. d4 d5 3. e5 Bf5 4. h4 Bd7 5. Nf3 e6 6. c4 Ne7 7. c5 b6 8. Be3 Nf5 9. cxb6 Qxb6 10. Qc2 Nxe3 11. fxe3 c5 12. Nc3 Nc6 13. Be2 cxd4 14. exd4 Nxd4 15. Nxd4 Qxd4 16. Rd1 Qxe5 17. 0-0 Bc5+ 18. Kh1 Bd6 19. Kg1 Qh2+ 20. Kf2 Qg3+ 21. Kg1 Bc5+ 0-1

[Event "Ramat Gan Purim Rapid op"]
[Site "Ramat Gan"]
[Date "2023.03.06"]
[Round "4"]
[White "Goz, Shachar"]
[Black "Levi, Netanel"]
[Result "1/2-1/2"]
[WhiteElo "1723"]
[BlackElo "2153"]
[PlyCount "149"]
[EventDate "2023.03.06"]
[EventType "swiss (rapid)"]
[EventRounds "5"]
[EventCountry "ISR"]
[SourceTitle "CBM 213 Extra"]
[Source "ChessBase"]
[SourceDate "2023.05.31"]
[SourceVersion "1"]
[SourceVersionDate "2023.05.31"]
[SourceQuality "1"]

1. f4 d5 2. Nf3 Nf6 3. e3 c5 4. Nc3 g6 5. b3 Bg7 6. Bb2 0-0 7. Be2 Nc6 8. 0-0 a6 9. Na4 b6 10. d4 Ne4 11. Ne5 Nxe5 12. fxe5 Bh6 13. Bc1 Bd7 14. Nb2 Bc6 15. Bd3 f5 16. Bxe4 fxe4 17. Rxf8+ Qxf8 18. Qe2 Qf5 19. Bd2 Rf8 20. Re1 Bg5 21. c3 h5 22. Rf1 Qxf1+ 23. Qxf1 Rxf1+ 24. Kxf1 cxd4 25. cxd4 e6 26. Kf2 Bh4+ 27. g3 Be7 28. b4 Kf7 29. a3 Ke8 30. Nd1 Kd7 31. Ke1 Kc7 32. Nc3 Be8 33. Ne2 Bb5 34. Nf4 Bd7 35. Nxg6 Bg5 36. Nf8 Bh6 37. Nxd7 Kxd7 38. a4 b5 39. axb5 axb5 40. Kf2 Ke7 41. h3 Kf7 42. g4 Kg6 43. Kg3 Bf8 44. h4 hxg4 45. Kxg4 Kh6 46. h5 Be7 47. Be1 Bf8 48. Bd2 Kh7 49. Kg5 Be7+ 50. Kg4 Kg7 51. Be1 Kh6 52. Bd2 Bf8 53. Be1 Be7 54. Bd2 Kh7 55. Be1 Bf8 56. Bd2 Bh6 57. Bc1 Kg8 58. Bd2 Kh7 59. Kh4 Bf8 60. Kg5 Be7+ 61. Kg4 Kg7 62. Be1 Kh6 63. Bd2 Bf8 64. Be1 Kh7 65. Bd2 Kg7 66. Kg5 Be7+ 67. Kg4 Kh6 68. Be1 Bg5 69. Bd2 Be7 70. Be1 Bf8 71. Bd2 Kg7 72. Kg5 Be7+ 73. Kg4 Kh6 74. Be1 Bg5 75. Bd2 1/2-1/2

[Event "Ramat Gan op"]
[Site "Ramat Gan"]
[Date "2023.02.27"]
[Round "6"]
[White "Goz, Shachar"]
[Black "Duchan, Yoav"]
[Result "0-1"]
[WhiteElo "1623"]
[BlackElo "1933"]
[PlyCount "114"]
[EventDate "2023.01.16"]
[EventType "swiss"]
[EventRounds "7"]
[EventCountry "ISR"]
[SourceTitle "CBM 213 Extra"]
[Source "ChessBase"]
[SourceDate "2023.05.31"]
[SourceVersion "1"]
[SourceVersionDate "2023.05.31"]
[SourceQuality "1"]

1. f4 g6 2. Nf3 Bg7 3. e4 d6 4. Nc3 Bg4 5. h3 Bd7 6. Bc4 Nc6 7. 0-0 Na5 8. Qe2 Nxc4 9. Qxc4 c5 10. e5 Be6 11. Qb5+ Qd7 12. exd6 exd6 13. Re1 Qxb5 14. Nxb5 Kd7 15. d4 Bd5 16. dxc5 Bxf3 17. gxf3 dxc5 18. Rd1+ Kc6 19. Rd6+ Kxb5 20. a4+ Kc4 21. Rd3 Bd4+ 22. Kf1 Kd5 23. c3 Kc4 24. Ke2 Re8+ 25. Kd2 Bxc3+ 26. bxc3 Nf6 27. Rb1 Rd8 28. Rxd8 Rxd8+ 29. Kc2 b6 30. Bd2 Rd3 31. Rf1 Nd5 32. Re1 f5 33. h4 Rxf3 34. h5 Nxc3 35. Re7 Ne4 36. Bc1 gxh5 37. Rxh7 Rf2+ 38. Kd1 Nc3+ 39. Ke1 Re2+ 40. Kf1 Ra2 41. Be3 Nd5 42. Bf2 Ra1+ 43. Kg2 Rxa4 44. Bg3 b5 45. Rxh5 Ra2+ 46. Kh3 b4 47. Rxf5 b3 48. Rf7 b2 49. Rb7 Nb4 50. f5 b1Q 51. f6 Qf5+ 52. Kh4 Qxf6+ 53. Kh3 Qh6+ 54. Kg4 Qg6+ 55. Kh4 Ra1 56. Rxb4+ cxb4 57. Kh3 Rg1 0-1

[Event "Ramat Gan op"]
[Site "Ramat Gan"]
[Date "2023.02.20"]
[Round "5"]
[White "Shapira, Avner"]
[Black "Goz, Shachar"]
[Result "0-1"]
[WhiteElo "1814"]
[BlackElo "1623"]
[PlyCount "72"]
[EventDate "2023.01.16"]
[EventType "swiss"]
[EventRounds "7"]
[EventCountry "ISR"]
[SourceTitle "CBM 213 Extra"]
[Source "ChessBase"]
[SourceDate "2023.05.31"]
[SourceVersion "1"]
[SourceVersionDate "2023.05.31"]
[SourceQuality "1"]

1. e4 c5 2. Nf3 e6 3. d4 cxd4 4. Nxd4 Nc6 5. Nb5 d6 6. c4 a6 7. N5c3 Nf6 8. Be2 Be7 9. 0-0 0-0 10. Be3 Rb8 11. Na3 Qa5 12. Nc2 Rd8 13. f4 d5 14. e5 dxc4 15. Qc1 Nd5 16. Bxc4 Nxc3 17. bxc3 Qxc3 18. Be2 b5 19. Rf3 Bc5 20. Kh1 Bxe3 21. Rxe3 Qc5 22. Bd3 Bb7 23. Qf1 Nb4 24. Qe2 Nxd3 25. Rxd3 Rxd3 26. Qxd3 Rc8 27. Rd1 Bxg2+ 28. Kxg2 Qxc2+ 29. Kf1 h6 30. Qd7 Qc6 31. Qxc6 Rxc6 32. Rd2 Rc4 33. Rf2 Kh7 34. Kg2 Kg6 35. Kf3 Kf5 36. Ke3 Re4+ 0-1

[Event "Ramat Gan op"]
[Site "Ramat Gan"]
[Date "2023.01.16"]
[Round "1"]
[White "Aroeta, Benny"]
[Black "Goz, Shachar"]
[Result "1/2-1/2"]
[WhiteElo "1978"]
[BlackElo "1623"]
[PlyCount "103"]
[EventDate "2023.01.16"]
[EventType "swiss"]
[EventRounds "7"]
[EventCountry "ISR"]
[SourceTitle "CBM 213 Extra"]
[Source "ChessBase"]
[SourceDate "2023.05.31"]
[SourceVersion "1"]
[SourceVersionDate "2023.05.31"]
[SourceQuality "1"]

1. e4 c5 2. c3 e6 3. d4 cxd4 4. cxd4 d5 5. exd5 exd5 6. Nf3 Nc6 7. Bd3 Bg4 8. 0-0 Nge7 9. Re1 g6 10. Bg5 Bg7 11. Bxe7 Nxe7 12. Qa4+ Kf8 13. Ne5 Bxe5 14. dxe5 Be6 15. Qf4 Nc6 16. Qh6+ Kg8 17. Nd2 Qf8 18. Qf4 Qb4 19. g3 Qxf4 20. gxf4 Nb4 21. Bb1 Rc8 22. Nf3 Rc4 23. a3 Nc6 24. Ba2 Rxf4 25. Kg2 Kg7 26. h3 Re8 27. Rad1 d4 28. Bxe6 Rxe6 29. Kg3 Rf5 30. Nxd4 Nxd4 31. Rxd4 Rfxe5 32. Rxe5 Rxe5 33. Rd7 Rb5 34. b4 Kf6 35. Kf4 Ke6 36. Rc7 h5 37. h4 f6 38. Rg7 a5 39. bxa5 Rxa5 40. Rxb7 Ra4+ 41. Kg3 Rxa3+ 42. f3 Ra5 43. Rb4 Re5 44. Rb3 Kf5 45. Rb4 g5 46. Ra4 Re3 47. Kf2 Rd3 48. hxg5 fxg5 49. Ra5+ Kg6 50. Ra6+ Kf7 51. Rh6 h4 52. f4 1/2-1/2

[Event "ISR-chT U14"]
[Site "Afula"]
[Date "2022.08.23"]
[Round "6"]
[White "Goz, Shachar"]
[Black "Menahem, Adi"]
[Result "1/2-1/2"]
[WhiteElo "1380"]
[BlackElo "2216"]
[PlyCount "77"]
[EventDate "2022.08.21"]
[EventType "team-tourn"]
[EventRounds "9"]
[EventCountry "ISR"]
[SourceTitle "CBM 210 Extra"]
[Source "ChessBase"]
[SourceDate "2022.11.30"]
[SourceVersion "1"]
[SourceVersionDate "2022.11.30"]
[SourceQuality "1"]

1. f4 d5 2. Nf3 Nf6 3. e3 g6 4. b3 Bg7 5. d4 0-0 6. Bd3 c5 7. c3 b6 8. 0-0 Ba6 9. Ba3 Qc8 10. Bxa6 Nxa6 11. Nbd2 Nc7 12. Rc1 Ne4 13. Nxe4 dxe4 14. Nd2 f5 15. Qe2 Nd5 16. Rfd1 Rd8 17. Kh1 e6 18. Re1 a5 19. Bb2 Qd7 20. a4 cxd4 21. cxd4 Nb4 22. Rc3 Rac8 23. Rxc8 Rxc8 24. Nc4 Qc6 25. Ba3 Nd3 26. Rb1 Bf8 27. Bxf8 Kxf8 28. g3 Ra8 29. Qa2 b5 30. Qa3+ Kg8 31. axb5 Qxb5 32. Qe7 Re8 33. Qc7 Qb4 34. Qxa5 Qxa5 35. Nxa5 Ra8 36. Nc4 Ra2 37. b4 Rc2 38. Ne5 Nf2+ 39. Kg1 1/2-1/2